[Event "Summer Prague Open 2024 - A"]
[Site "Olympik hotel, Sokolovska 138, Praha"]
[Date "2024.08.02"]
[Round "1"]
[Board "24"]
[White "Svadlenka, Michal"]
[Black "Stocek, Martin"]
[Result "0-1"]
[WhiteElo "1886"]
[BlackElo "2176"]
[PlyCount "0"]
[EventDate "2024.08.02"]
[EventRounds "9"]
[EventCountry "CZE"]

1. e4 c6 2. d4 d5 3. Nc3 dxe4 4. Nxe4 Bf5 5. Ng3 Bg6 6. Nf3 Nd7 7. Nh4 e6 8. Nxg6
hxg6 9. Bd3 Qc7 10. c3 Ngf6 11. h3 c5 12. dxc5 O-O-O 13. Qe2 Bxc5 14. Ne4 Rh5 15.
O-O Nd5 16. Nxc5 Nxc5 17. Bc2 Rdh8 18. a3 g5 19. Qf3 Nf6 20. Qg3 g4 21. Qxc7+ Kxc7
22. Re1 gxh3 23. Bf4+ Kc8 24. b4 Ncd7 25. Be4 Nxe4 26. Rxe4 hxg2 27. Kxg2 Rd5 28.
Rc4+ Kd8 29. Be3 a6 30. a4 Ne5 31. Bb6+ Ke7 32. Rc7+ Rd7 33. b5 Rh4 34. bxa6 bxa6
35. Rc8 Rc4 36. Rxc4 Nxc4 37. Bc5+ Ke8 38. Rb1 Rc7 39. Rb8+ Kd7 40. Bf8 g6 41. Bg7
Kc6 42. Kf3 Nb6 43. a5 Nc4 44. Bd4 Nxa5 45. Rb6+ Kd5 46. Rxa6 Nb3 47. Bf6 e5 48.
Kg4 Rc4+ 49. Kg5 Nc5 50. Ra5 Ke6 51. f3 Rxc3 52. Bg7 Rc1 53. Kg4 Rg1+ 54. Kh3 Nd7
55. Kh2 Rg5 56. Ra6+ Ke7 57. Ra7 Kd6 58. Ra6+ Kd5 59. Ra7 Kc6 60. Ra6+ Kb7 61. Rd6
Kc7 62. Rd5 Kc6 63. Ra5 Nc5 64. Bf8 Ne6 65. Be7 Rf5 66. Kg3 Nd4 67. Ra3 Kd5 68. Bd8
Nc6 69. Bc7 e4 70. fxe4+ Kxe4 71. Ra8 Nd4 72. Re8+ Ne6 73. Bb6 Rg5+ 74. Kf2 Rb5 75.
Ba7 Kf4 76. Bb8+ Kg4 77. Bd6 Rb2+ 78. Ke3 g5 79. Re7 Rb3+ 80. Kd2 Rf3 81. Ra7 f5
82. Ra1 f4 83. Re1 Nd4 84. Rd1 Rb3 85. Ke1 Nf3+ 86. Kf1 Rb2 87. Bc5 Kg3 88. Rc1 Rh2
89. Rc3 Rh1+ 90. Ke2 Re1+ 91. Kd3 g4 92. Rc2 Re8 93. Bf2+ Kh3 94. Bb6 Ne1+  0-1

[Event "Summer Prague Open 2024 - A"]
[Site "Olympik hotel, Sokolovska 138, Praha"]
[Date "2024.08.03"]
[Round "2"]
[Board "10"]
[White "Mirimanian, Hayk"]
[Black "Holliman, Bob"]
[Result "1-0"]
[WhiteElo "2290"]
[BlackElo "1990"]
[PlyCount "0"]
[EventDate "2024.08.02"]
[EventRounds "9"]
[EventCountry "CZE"]

1. e4 e6 2. d4 d5 3. Nd2 dxe4 4. Nxe4 Nd7 5. Bd3 Ngf6 6. Qe2 c5 7. Nxc5 Nxc5 8. dxc5
Bxc5 9. Nf3 Qc7 10. O-O Bd7 11. Bd2 O-O 12. b4 Be7 13. c4 Rfd8 14. Rac1 Bc6 15. Ne5
h6 16. Rfe1 b6 17. Bc3 Bb7 18. Bb1 Rac8 19. Qc2 Ba8 20. Re3 Qb7 21. Rg3 Qe4 22. Qb2
Qf4 23. Re1 Kf8 24. Bg6 Rxc4 25. Bxf7 Rxb4 26. Qa1 Be4 27. Bxe6 Rd2 28. Bxd2 Qxd2
29. Qc3 Qxc3 30. Rxc3 Bc5 31. Bb3 Rd4 32. Rc4  1-0

[Event "Summer Prague Open 2024 - A"]
[Site "Olympik hotel, Sokolovska 138, Praha"]
[Date "2024.08.04"]
[Round "3"]
[Board "1"]
[White "Neuman, Petr"]
[Black "Schmitz, Thorsten"]
[Result "1-0"]
[WhiteElo "2426"]
[BlackElo "2218"]
[PlyCount "0"]
[EventDate "2024.08.02"]
[EventRounds "9"]
[EventCountry "CZE"]

1. d4 d5 2. c4 dxc4 3. Nf3 Nf6 4. e3 Bg4 5. Bxc4 e6 6. h3 Bh5 7. Nc3 Nc6 8. Bb5 Bd6
9. e4 Bxf3 10. Qxf3 Bb4 11. Be3 a6 12. Bxc6+ bxc6 13. O-O O-O 14. Rac1 Qb8 15. b3
Qb7 16. Bg5 Be7 17. Na4 Rfe8 18. Bxf6 Bxf6 19. e5 Bg5 20. Qxc6 Qb4 21. Qc5 Qd2 22.
Rc2 Qd3 23. Qc4 Qe4 24. Nc5 Qc6 25. Re1 Red8 26. Ne4 Qxc4 27. Rxc4 Bh6 28. Rd1 Rd7
29. g3 Kf8 30. f4 Ke7 31. Rdc1 Ra7 32. Kf2 f5 33. Nc5 Rd5 34. h4 g6 35. Ke3 a5 36.
Ra4 Rd8 37. b4 Rda8 38. b5 Rb8 39. Rb1 Bf8 40. Rc4 Rb6 41. Na4 Rb8 42. b6 cxb6 43.
Rxb6 Rxb6 44. Nxb6 Rb7 45. Rc6 Kf7 46. Kd3 Bb4 47. d5 exd5 48. Nxd5 Kg7 49. Ke2 Rd7
50. Nf6 Rd2+ 51. Ke3 Rxa2 52. Rc7+ Kf8 53. e6 Ra3+ 54. Kf2 Ra2+ 55. Kf3 Ra3+ 56.
Kg2 Ra2+ 57. Kh3 Be7 58. Nd5 Bb4 59. Nf6 Be7 60. Nxh7+ Ke8 61. Rc8+ Bd8 62. Nf6+
Ke7 63. Nd5+ Kxe6 64. Rxd8 a4 65. Nc3 Ra1 66. Ra8 a3 67. Ra6+ Kf7 68. h5 gxh5 69.
Kh4 Rh1+ 70. Kg5 Rh3 71. Rxa3 Rxg3+ 72. Kxf5 h4 73. Ra7+ Ke8 74. Ne4 Re3 75. Rh7
 1-0

[Event "Summer Prague Open 2024 - A"]
[Site "Olympik hotel, Sokolovska 138, Praha"]
[Date "2024.08.04"]
[Round "3"]
[Board "2"]
[White "Toure, Vasanth"]
[Black "Nothnagel, Marian Can"]
[Result "0-1"]
[WhiteElo "2176"]
[BlackElo "2410"]
[PlyCount "0"]
[EventDate "2024.08.02"]
[EventRounds "9"]
[EventCountry "CZE"]

1. e4 e5 2. Nf3 Nc6 3. Bc4 Nf6 4. d3 Bc5 5. c3 d6 6. Bb3 a5 7. h3 O-O 8. Nbd2 Be6
9. Bc2 h6 10. O-O Re8 11. Re1 Ba7 12. Ba4 Rb8 13. Bxc6 bxc6 14. d4 exd4 15. Nxd4
Bd7 16. Qf3 Qe7 17. b3 d5 18. e5 Nh7 19. Qg3 Qg5 20. Qxg5 hxg5 21. N2f3 c5 22. Nc2
f6 23. exf6 gxf6 24. Be3 Bf5 25. Rac1 Be4 26. Red1 Re7 27. Nce1 Nf8 28. h4 gxh4 29.
Nxh4 Rh7 30. g3 Ne6 31. f3 d4 32. Bxd4 cxd4 33. fxe4 a4 34. Kg2 axb3 35. axb3 Rxb3
36. cxd4 Nxd4 37. Rb1 Re3 38. Ra1 Bb6 39. Ra8+ Kf7 40. Nef3 Re2+ 41. Kf1 Rxe4 42.
Nxd4 Bxd4 43. Ra4 c5 44. Ra7+ Kg8 45. Ra8+ Kg7 46. Ra7+ Kh6 47. Nf5+ Kg6 48. Rxh7
Kxh7 49. Kg2 Kg6 50. Nd6 Re3 51. Nc4 Rc3 52. Nd6 Rc2+ 53. Kf3 f5 54. g4 Rf2+ 55.
Kg3 f4+ 56. Kh3 Rf3+ 57. Kh2 Kf6 58. Nf5 Be5 59. Kg2 Rc3 60. Rd8 f3+ 61. Kf2 Kg5
62. Rf8 Kf4 63. Ne3+ Ke4 64. Re8 c4 65. g5 Rxe3  0-1

[Event "Summer Prague Open 2024 - A"]
[Site "Olympik hotel, Sokolovska 138, Praha"]
[Date "2024.08.04"]
[Round "3"]
[Board "3"]
[White "Garcia Roman, Daniel"]
[Black "Golenia, Wojciech"]
[Result "1-0"]
[WhiteElo "2397"]
[BlackElo "2212"]
[PlyCount "0"]
[EventDate "2024.08.02"]
[EventRounds "9"]
[EventCountry "CZE"]

1. d4 Nf6 2. Nf3 e6 3. c4 b6 4. a3 Bb7 5. Nc3 d5 6. cxd5 Nxd5 7. Qc2 Nxc3 8. bxc3
Be7 9. e4 c5 10. Bb5+ Bc6 11. Bd3 Nd7 12. O-O Qc7 13. Qe2 Bb7 14. d5 e5 15. a4 O-O
16. Rd1 Bd6 17. c4 Nb8 18. Nh4 g6 19. Bh6 Re8 20. Qd2 Bf8 21. Bxf8 Rxf8 22. Ra3 Qe7
23. Qh6 f6 24. Be2 Bc8 25. a5 g5 26. Nf3 Na6 27. h4 Bg4 28. hxg5 Nb4 29. axb6 fxg5
30. Rxa7 Rxa7 31. bxa7 Qxa7 32. Qxg5+ Qg7 33. Qxg7+ Kxg7 34. Ra1 Rf4 35. Ra7+ Kf6
36. Rxh7 Rxe4 37. Kf1 Rf4 38. Nd2 Rd4 39. Nf3 Rf4 40. Nd2 Rd4 41. Bxg4 Rxd2 42. Be2
Nc2 43. Rh6+ Kg5 44. Re6 Kf5 45. g4+ Ke4 46. g5 Nd4 47. Bg4 Kf4 48. g6 Kxg4 49. g7
Nxe6 50. g8=Q+ Ng5 51. Qc8+ Kf4 52. Qxc5 Rd4 53. Qf8+ Kg4 54. Qc8+ Kf4 55. Qf8+ Kg4
56. d6 Ne6 57. Qg8+ Kf3 58. Qg3+ Ke4 59. Qe3+ Kf5 60. Qh3+ Kf6 61. Qh6+ Kf5 62. Qh7+
Kg4 63. Qg6+ Kf3 64. Qg3+ Ke4 65. Qe3+ Kf5 66. Qh3+ Kf6 67. Qh6+ Kf5 68. Qh5+ Kf6
69. Qf3+ Nf4 70. Kg1 Rxc4 71. Qb7 Ng6 72. d7 Rg4+ 73. Kf1 Rd4 74. Qc8 Nf4 75. d8=Q+
Rxd8 76. Qxd8+ Kf5 77. f3 Ke6 78. Kf2 Kf5 79. Qc8+ Kf6 80. Kg3 Nd5 81. Qc6+  1-0

[Event "Summer Prague Open 2024 - A"]
[Site "Olympik hotel, Sokolovska 138, Praha"]
[Date "2024.08.04"]
[Round "3"]
[Board "4"]
[White "Czaeczine, Anne"]
[Black "Prokofiev, Valentyn"]
[Result "0-1"]
[WhiteElo "2172"]
[BlackElo "2381"]
[PlyCount "0"]
[EventDate "2024.08.02"]
[EventRounds "9"]
[EventCountry "CZE"]

1. e4 c5 2. Nf3 e6 3. d4 cxd4 4. Nxd4 a6 5. c4 Nf6 6. Nc3 Qc7 7. Be3 Bb4 8. f3 O-O
9. Qb3 Be7 10. Be2 d6 11. O-O Nbd7 12. Rac1 b6 13. Rfd1 Bb7 14. a3 Rac8 15. Qa2 Qb8
16. b4 Bd8 17. Bf1 h5 18. Qf2 h4 19. Qxh4 Nxe4 20. Qh3 Nef6 21. Nxe6 fxe6 22. Qxe6+
Rf7 23. c5 d5 24. Bd3 Ne5 25. Bb1 Rc6 26. Qh3 Bc8 27. Qh4 Be6 28. Ne2 bxc5 29. bxc5
Bd7 30. Bf4 Rc8 31. Nd4 Ne4 32. Bxe5 Qxe5 33. Qe1 Bc7 34. Bxe4 Qxh2+ 35. Kf1 dxe4
36. c6 exf3 37. Nxf3 Rxf3+ 38. Ke2 Qxg2+  0-1

[Event "Summer Prague Open 2024 - A"]
[Site "Olympik hotel, Sokolovska 138, Praha"]
[Date "2024.08.04"]
[Round "3"]
[Board "5"]
[White "Pulpan, Jakub"]
[Black "Korenova, Martina"]
[Result "1-0"]
[WhiteElo "2378"]
[BlackElo "2145"]
[PlyCount "0"]
[EventDate "2024.08.02"]
[EventRounds "9"]
[EventCountry "CZE"]

1. e4 d6 2. d4 Nf6 3. Nc3 g6 4. g3 Bg7 5. Bg2 O-O 6. Nge2 e5 7. h3 Nc6 8. Be3 exd4
9. Nxd4 Ne5 10. O-O Re8 11. Qe2 c5 12. Nf3 Nc6 13. Nd2 Nd4 14. Qd1 Be6 15. Nb3 Nc6
16. Re1 Qd7 17. Kh2 Rad8 18. f4 b6 19. Qd2 d5 20. e5 Ng4+ 21. hxg4 d4 22. Nd1 dxe3
23. Qxd7 Bxd7 24. Nxe3 a5 25. Rad1 Ne7 26. Nd2 Nc8 27. Ne4 a4 28. Nd5 Kh8 29. Ndf6
Re7 30. Rd2 b5 31. Red1 Nb6 32. Nxc5  1-0

[Event "Summer Prague Open 2024 - A"]
[Site "Olympik hotel, Sokolovska 138, Praha"]
[Date "2024.08.04"]
[Round "3"]
[Board "6"]
[White "Konopka, Michal"]
[Black "Persson, Andreas"]
[Result "1-0"]
[WhiteElo "2325"]
[BlackElo "2139"]
[PlyCount "0"]
[EventDate "2024.08.02"]
[EventRounds "9"]
[EventCountry "CZE"]

1. Nf3 d5 2. d4 Nf6 3. c4 e6 4. g3 dxc4 5. Bg2 c5 6. O-O Nc6 7. dxc5 Qxd1 8. Rxd1
Bxc5 9. Nbd2 c3 10. bxc3 O-O 11. Nb3 Be7 12. c4 Bd7 13. Bb2 Rfc8 14. Rac1 Be8 15.
Ne5 Nxe5 16. Bxe5 Bc6 17. Bxc6 Rxc6 18. Bxf6 Bxf6 19. Rd7 b6 20. c5 bxc5 21. Rxc5
Rxc5 22. Nxc5 Kf8 23. e3 a5 24. Rb7 Be7 25. Nd7+ Ke8 26. Nb6 Rd8 27. Nc4 Rd5 28.
Rb8+ Bd8 29. Ra8 Ke7 30. Ra7+ Ke8 31. Kg2 h5 32. Kf3 Kf8 33. Ke2 g6 34. f3 Kg7 35.
e4 Rc5 36. Nd6 Rc2+ 37. Kd3 Rxa2 38. Nxf7 Bb6 39. Rb7 Bg1 40. h4 Bf2 41. Ne5+ Kg8
42. f4 Bxg3 43. Nxg6 a4 44. Kd4 a3 45. Ke5 Re2 46. Kf6  1-0

[Event "Summer Prague Open 2024 - A"]
[Site "Olympik hotel, Sokolovska 138, Praha"]
[Date "2024.08.04"]
[Round "3"]
[Board "7"]
[White "Kuhn, Ulf"]
[Black "Kulhanek, Tomas"]
[Result "0-1"]
[WhiteElo "2082"]
[BlackElo "2317"]
[PlyCount "0"]
[EventDate "2024.08.02"]
[EventRounds "9"]
[EventCountry "CZE"]

1. c4 e5 2. g3 Nf6 3. Bg2 d5 4. cxd5 Nxd5 5. Nc3 Nb6 6. Nf3 Nc6 7. Rb1 a5 8. O-O
Be7 9. d3 O-O 10. Na4 Be6 11. Nxb6 cxb6 12. Qa4 f6 13. Rd1 b5 14. Qxb5 e4 15. Ne1
Nd4 16. Qh5 Bxa2 17. Ra1 Bf7 18. Qh3 Bb3 19. Rd2 Bb4 20. Bxe4 f5 21. Bxb7 Ra7 22.
Bf3 Rc7 23. e3 Rxc1 24. Rxc1 Bxd2  0-1

[Event "Summer Prague Open 2024 - A"]
[Site "Olympik hotel, Sokolovska 138, Praha"]
[Date "2024.08.04"]
[Round "3"]
[Board "8"]
[White "Eret, Matous"]
[Black "Soural, Jan"]
[Result "0-1"]
[WhiteElo "2316"]
[BlackElo "2130"]
[PlyCount "0"]
[EventDate "2024.08.02"]
[EventRounds "9"]
[EventCountry "CZE"]

1. b3 e5 2. Bb2 Nc6 3. c4 Nf6 4. e3 Be7 5. a3 O-O 6. Be2 Re8 7. Nc3 d5 8. cxd5 Nxd5
9. Qc2 Be6 10. Nf3 Nxc3 11. dxc3 Bf8 12. c4 Bg4 13. Bd3 Bxf3 14. gxf3 Qh4 15. Rg1
e4 16. Bxe4 Rad8 17. Rg3 Ne5 18. Rd1 Rxd1+ 19. Kxd1 c6 20. Kc1 Qxh2 21. Kb1 Qh1+
22. Ka2 Ng6 23. Bd3 Be7 24. f4 Bh4 25. Bxg6 hxg6 26. Rg4 Qh3 27. Rg1 Qh2 28. Rf1
Rxe3 29. f5 Qg2 30. fxg6 fxg6 31. Rd1 Qxf2 32. Qxg6 Qf7 33. Qg4 Bf6 34. Rf1 Qe6 35.
Qf4 Re2 36. Rf2 Rxb2+ 37. Rxb2 Bxb2 38. Qb8+ Kh7 39. Qh2+ Qh6 40. Qc2+ Kg8 41. Qxb2
Qf4 42. Qe2 Kf7 43. a4 a6 44. Qh5+ Kf6 45. Qe8 Qd2+ 46. Ka3 Qd6+ 47. Ka2 Qe7 48.
Qh8 Kf7 49. Qh5+ Kg8 50. Qf5 g5 51. Qg6+ Kf8 52. Qh6+ Ke8 53. Qg6+ Kd8 54. Qd3+ Qd7
55. Qe3 Qf5 56. Qd4+ Kc7 57. Qg7+ Kb8 58. Qh8+ Ka7 59. Qd4+ c5 60. Qe3 g4 61. b4
g3 62. Qxg3 Qc2+ 63. Ka3 Qc1+ 64. Ka2 Qxc4+ 65. Qb3 Qxb4  0-1

[Event "Summer Prague Open 2024 - A"]
[Site "Olympik hotel, Sokolovska 138, Praha"]
[Date "2024.08.04"]
[Round "3"]
[Board "9"]
[White "Kroulik, Vaclav"]
[Black "Mirimanian, Hayk"]
[Result "1-0"]
[WhiteElo "2056"]
[BlackElo "2290"]
[PlyCount "0"]
[EventDate "2024.08.02"]
[EventRounds "9"]
[EventCountry "CZE"]

1. e4 c5 2. Nf3 e6 3. d4 cxd4 4. Nxd4 a6 5. Bd3 Bc5 6. Nb3 Ba7 7. Qe2 Nc6 8. Be3
Nge7 9. c4 O-O 10. c5 d5 11. cxd6 Qxd6 12. Bxa7 Rxa7 13. Nc3 Ng6 14. g3 e5 15. Rd1
Qb8 16. O-O Bh3 17. Rfe1 b5 18. Nd5 Be6 19. Qe3 Nge7 20. Nc5 Nd4 21. Nxe6 fxe6 22.
Nxe7+ Rxe7 23. Be2 Ref7 24. Rf1 Rc8 25. Rc1 Rfc7 26. Bg4 Rc2 27. Rxc2 Rxc2 28. Qa3
Qb7 29. Re1 Qb6 30. Rf1 Kf7 31. Bd1 Rc1 32. Bh5+ g6 33. Rxc1 b4 34. Qe3 gxh5 35.
Kg2 Kg6 36. Rc8 Qb7 37. Rg8+ Kf7 38. Rg5 Kf6 39. Rxh5 Nf5 40. Qg5+  1-0

[Event "Summer Prague Open 2024 - A"]
[Site "Olympik hotel, Sokolovska 138, Praha"]
[Date "2024.08.04"]
[Round "3"]
[Board "10"]
[White "Walek, Petr"]
[Black "Toure, Ananth"]
[Result "1-0"]
[WhiteElo "2283"]
[BlackElo "2073"]
[PlyCount "0"]
[EventDate "2024.08.02"]
[EventRounds "9"]
[EventCountry "CZE"]

1. e4 e5 2. d4 exd4 3. Qxd4 Nc6 4. Qd3 g6 5. Nc3 Bg7 6. Bf4 d6 7. O-O-O Nge7 8. Qd2
h6 9. h4 Be6 10. Nf3 a6 11. Nd5 Qd7 12. Bc4 O-O-O 13. Rhe1 Kb8 14. Re3 f5 15. Nb6
cxb6 16. Qxd6+ Qxd6 17. Rxd6 Bxc4 18. Rxc6+ Ka7 19. Rxc4 fxe4 20. Rexe4 Rd7 21. Re6
Rhd8 22. c3 b5 23. Rce4 Nd5 24. Rxg6 b4 25. Bxh6 Bxh6+ 26. Rxh6 bxc3 27. Rd4 cxb2+
28. Kxb2 Rc7 29. Rh5 Rc5 30. Nd2 Nb6 31. Rxd8 Rxh5 32. Nf3 Rc5 33. Rd4 Nc4+ 34. Kc3
Ne3+ 35. Kd3 Nxg2 36. Rg4 Rf5 37. Ke4 Nxh4 38. Rxh4 Ra5 39. Nd4 Rxa2 40. f4 a5 41.
f5 Rg2 42. f6  1-0

[Event "Summer Prague Open 2024 - A"]
[Site "Olympik hotel, Sokolovska 138, Praha"]
[Date "2024.08.04"]
[Round "3"]
[Board "11"]
[White "Taborsky, Rostislav"]
[Black "Camarena Jimenez, Rufino"]
[Result "1-0"]
[WhiteElo "2051"]
[BlackElo "2279"]
[PlyCount "0"]
[EventDate "2024.08.02"]
[EventRounds "9"]
[EventCountry "CZE"]

1. d4 Nf6 2. c4 g6 3. Nc3 Bg7 4. e4 d6 5. Be2 O-O 6. Be3 Na6 7. Nf3 e5 8. d5 Ng4
9. Bg5 f6 10. Bh4 Qe8 11. h3 Nh6 12. g4 f5 13. Nd2 Nc5 14. f3 a5 15. Qc2 Bd7 16.
O-O-O c6 17. Nb3 Nxb3+ 18. Qxb3 Nf7 19. gxf5 a4 20. Qc2 c5 21. Rdg1 Nh6 22. Qd2 a3
23. b3 Kh8 24. f6  1-0

[Event "Summer Prague Open 2024 - A"]
[Site "Olympik hotel, Sokolovska 138, Praha"]
[Date "2024.08.04"]
[Round "3"]
[Board "12"]
[White "Neukirchner, Pascal"]
[Black "Omarsson, Adam"]
[Result "1/2-1/2"]
[WhiteElo "2261"]
[BlackElo "1970"]
[PlyCount "0"]
[EventDate "2024.08.02"]
[EventRounds "9"]
[EventCountry "CZE"]

1. d4 Nf6 2. c4 g6 3. g3 Bg7 4. Bg2 O-O 5. Nc3 d6 6. Nf3 Nc6 7. O-O e5 8. dxe5 dxe5
9. Bg5 Be6 10. Qa4 h6 11. Rad1 Qc8 12. Bxf6 Bxf6 13. Nd2 Bh3 14. Nd5 Bd8 15. Ne4
Bxg2 16. Kxg2 Qf5 17. Nc5 Nd4 18. f3 c6 19. e4 Qc8 20. Nb4  1/2-1/2

[Event "Summer Prague Open 2024 - A"]
[Site "Olympik hotel, Sokolovska 138, Praha"]
[Date "2024.08.04"]
[Round "3"]
[Board "13"]
[White "Bacak, Petr"]
[Black "Veleshnja, Zino"]
[Result "1/2-1/2"]
[WhiteElo "2049"]
[BlackElo "2252"]
[PlyCount "0"]
[EventDate "2024.08.02"]
[EventRounds "9"]
[EventCountry "CZE"]

1. e4 e6 2. d4 d5 3. exd5 exd5 4. Nf3 Bd6 5. c4 dxc4 6. Bxc4 Nf6 7. Qe2+ Qe7 8. Qxe7+
Bxe7 9. O-O O-O 10. Nc3 Bf5 11. Re1 Bd6 12. Bg5 Nc6 13. Bxf6 gxf6 14. Ne4 Bxe4 15.
Rxe4 Rad8 16. Rd1 f5 17. Re2  1/2-1/2

[Event "Summer Prague Open 2024 - A"]
[Site "Olympik hotel, Sokolovska 138, Praha"]
[Date "2024.08.04"]
[Round "3"]
[Board "14"]
[White "Petr, Jakub"]
[Black "Yun, Hungi"]
[Result "1/2-1/2"]
[WhiteElo "2243"]
[BlackElo "1950"]
[PlyCount "0"]
[EventDate "2024.08.02"]
[EventRounds "9"]
[EventCountry "CZE"]

1. e4 c5 2. Nf3 d6 3. d4 cxd4 4. Qxd4 Nc6 5. Bb5 Bd7 6. Bxc6 Bxc6 7. Nc3 Nf6 8. Bg5
e6 9. O-O-O Be7 10. Qd3 Qa5 11. h4 h6 12. Bxf6 Bxf6 13. Nd4 O-O 14. f4 Rad8 15. g4
Bxd4 16. Qxd4 e5 17. Qd2 exf4 18. g5 h5 19. Qxf4 Qe5 20. Qxe5 dxe5 21. Nd5 Bxd5 22.
exd5 f5 23. gxf6 gxf6 24. Rh3 Kf7 25. c4 Rg8 26. Kc2 Rg4 27. Kc3 b6 28. b3 f5 29.
Re1 Kf6 30. Rhe3 e4 31. Kd4 Rxh4 32. Rg1 Rh2 33. Reg3 Rd2+ 34. Kc3 Rxa2 35. Rg6+
Ke5 36. Re6+ Kf4 37. Rf1+ Kg5 38. Rg1+ Kf4 39. Rf1+  1/2-1/2

[Event "Summer Prague Open 2024 - A"]
[Site "Olympik hotel, Sokolovska 138, Praha"]
[Date "2024.08.04"]
[Round "3"]
[Board "15"]
[White "Dome, Michal"]
[Black "Sramek, Vojtech"]
[Result "1/2-1/2"]
[WhiteElo "1965"]
[BlackElo "2237"]
[PlyCount "0"]
[EventDate "2024.08.02"]
[EventRounds "9"]
[EventCountry "CZE"]

1. e4 c5 2. Nf3 g6 3. c3 d5 4. exd5 Qxd5 5. d4 Bg7 6. Be2 cxd4 7. cxd4 Nf6 8. Nc3
Qa5 9. O-O O-O 10. h3 Nc6 11. a3 Be6 12. Be3 Rfd8 13. b4 Qc7 14. Rc1 a6 15. Qc2 Nd5
16. Nxd5 Bxd5 17. Rfd1 Qb6 18. Ne5 Rac8 19. Qb1 Na7 20. Rc5 Rxc5 21. dxc5 Qe6 22.
Nd3 Bc6 23. Nf4 Rxd1+ 24. Qxd1 Qd7 25. Qxd7 Bxd7 26. Nd5 e6 27. Nb6 Bc6 28. Nc4 Kf8
29. f3 Nb5 30. Kf2 Bd5 31. Bd3 Bxc4 32. Bxc4 Nxa3 33. Bd3 Nb5 34. Be4 Bc3 35. Bxb7
Nc7 36. c6 Bxb4 37. Bf4 Ba5 38. Bxc7 Bxc7 39. Bxa6 Ke7 40. Bd3 Kd6 41. f4 Kxc6 42.
Kf3 Kd5 43. g3 Kd6 44. Bc2 Ke7 45. Bd3 Kf6 46. Bc2 Ba5 47. Bd3 Be1 48. Bc2 h6 49.
h4 Kg7 50. Bd3 Kf8 51. Bc2 Ke7 52. Bd3 Kd6 53. Bc2 Kc6 54. Ba4+ Kd6 55. Bc2 Ke7 56.
Bd3 f5 57. Bc2 Kf6 58. Bb1 g5 59. hxg5+ hxg5 60. fxg5+ Kxg5 61. Bc2 Kf6 62. g4 fxg4+
63. Kxg4 Ke5 64. Kf3 Kd4 65. Be4 Bf2 66. Bb7 e5 67. Kxf2 e4 68. Bxe4  1/2-1/2

[Event "Summer Prague Open 2024 - A"]
[Site "Olympik hotel, Sokolovska 138, Praha"]
[Date "2024.08.04"]
[Round "3"]
[Board "16"]
[White "Skypala, Ondrej"]
[Black "Zarebska, Lena"]
[Result "1-0"]
[WhiteElo "2230"]
[BlackElo "1946"]
[PlyCount "0"]
[EventDate "2024.08.02"]
[EventRounds "9"]
[EventCountry "CZE"]

1. c4 e5 2. g3 c6 3. d4 e4 4. Bg2 Nf6 5. Nc3 d5 6. Nh3 Be7 7. O-O O-O 8. Nf4 Na6
9. cxd5 cxd5 10. f3 Bf5 11. Qb3 Nb4 12. Ncxd5 exf3 13. Bxf3 Nc2 14. Qxb7 Bd6 15.
Qxa8 Qxa8 16. Nxf6+ gxf6 17. Bxa8 Rxa8 18. Nd5 Bg6 19. Bh6 Nxa1 20. Nxf6+ Kh8 21.
Rxa1 Rc8 22. Rc1 Rxc1+ 23. Bxc1 Be7 24. Nd5 Bd6 25. Bf4  1-0

[Event "Summer Prague Open 2024 - A"]
[Site "Olympik hotel, Sokolovska 138, Praha"]
[Date "2024.08.04"]
[Round "3"]
[Board "17"]
[White "Novotny, Dominik"]
[Black "Anwesh, Upadhyaya"]
[Result "0-1"]
[WhiteElo "1936"]
[BlackElo "2373"]
[PlyCount "0"]
[EventDate "2024.08.02"]
[EventRounds "9"]
[EventCountry "CZE"]

1. e4 e5 2. Nf3 Nc6 3. Bc4 Bc5 4. O-O Nf6 5. d3 O-O 6. c3 d6 7. Re1 a6 8. a4 Ba7
9. h3 h6 10. Nbd2 Be6 11. Bb3 Re8 12. Nc4 Qd7 13. a5 Rad8 14. Be3 Bxe3 15. Rxe3 Qc8
16. Ba4 Bd7 17. Re1 Nb8 18. Qb3 Bxa4 19. Rxa4 Nbd7 20. Qc2 Nc5 21. Ra3 Qe6 22. Ne3
d5 23. exd5 Nxd5 24. d4 e4 25. Nxd5 Qxd5 26. c4 Qh5 27. dxc5 exf3 28. Rxe8+ Rxe8
29. Rxf3 Re1+ 30. Kh2 Qe5+ 31. g3 Qxc5 32. Qc3 Qe7 33. Re3 Rxe3 34. Qxe3 Qxe3 35.
fxe3 Kf8 36. Kg2 Ke7 37. Kf3 Kd6 38. b4 b6 39. axb6 cxb6 40. Ke4 a5 41. c5+ Kc6 42.
bxa5 bxa5 43. Kd4 a4 44. Kc4 a3 45. Kb3 Kxc5 46. Kxa3 Kc4 47. g4 Kd3 48. Kb4 Kxe3
49. Kc5 Kf4 50. Kd6 Kg3 51. Ke7 Kxh3 52. Kxf7 Kxg4 53. Kxg7 h5  0-1

[Event "Summer Prague Open 2024 - A"]
[Site "Olympik hotel, Sokolovska 138, Praha"]
[Date "2024.08.04"]
[Round "3"]
[Board "19"]
[White "Swati, Mohota"]
[Black "Flajsman, Pavel"]
[Result "0-1"]
[WhiteElo "2026"]
[BlackElo "2188"]
[PlyCount "0"]
[EventDate "2024.08.02"]
[EventRounds "9"]
[EventCountry "CZE"]

1. d4 d5 2. c4 e6 3. Nc3 Nf6 4. cxd5 exd5 5. Bg5 Be7 6. Qc2 c6 7. e3 h6 8. Bh4 O-O
9. Bd3 Ne8 10. Bg3 Nd6 11. Nge2 Re8 12. O-O Bf8 13. Rae1 a5 14. Nc1 Na6 15. a3 b5
16. f3 b4 17. Na4 bxa3 18. bxa3 Bd7 19. Bxd6 Bxd6 20. Bxa6 Rxa6 21. Nc5 Ra7 22. e4
dxe4 23. fxe4 Be6 24. Nxe6 Rxe6 25. Rf3 Bxh2+ 26. Kf1 Qxd4 27. Qf2 Qxf2+ 28. Kxf2
Be5 29. Rd3 Bd6 30. Kf3 Rf6+ 31. Ke2 Re7 32. Kd1 Bc7 33. Nb3 Rf2 34. Rd2 Rf4 35.
Rc2 a4 36. Nc5 Ba5 37. Rh1 Rf6 38. Nxa4 Rxe4 39. Nc5 Re3 40. a4 Ra3 41. Rh3 Ra1+
42. Ke2 Bb6 43. Rf3 Rxf3 44. Kxf3 Bxc5 45. Rxc5 Rxa4 46. Rxc6 h5 47. Rc3 g6 48. Kg3
Kg7 49. Kh3 g5 50. Rc6 Ra3+ 51. Kh2 h4 52. Rc5 Kg6 53. Rc8 f5 54. Rg8+ Kh5 55. Rf8
Kg4 56. Rg8 f4 57. Rg7 h3 58. gxh3+ Rxh3+  0-1

[Event "Summer Prague Open 2024 - A"]
[Site "Olympik hotel, Sokolovska 138, Praha"]
[Date "2024.08.04"]
[Round "3"]
[Board "20"]
[White "Golenia, Jan"]
[Black "Moritani, Sho"]
[Result "1-0"]
[WhiteElo "2188"]
[BlackElo "2031"]
[PlyCount "0"]
[EventDate "2024.08.02"]
[EventRounds "9"]
[EventCountry "CZE"]

1. d4 Nf6 2. c4 e6 3. Nf3 Bb4+ 4. Nbd2 b6 5. g3 Bb7 6. Bg2 O-O 7. O-O Bxd2 8. Bxd2
a5 9. Rc1 d6 10. c5 Bd5 11. Ne1 Bxg2 12. Nxg2 Ne4 13. cxd6 cxd6 14. Bf4 Ra7 15. Qc2
Nf6 16. e4 Qe7 17. f3 e5 18. dxe5 dxe5 19. Bg5 h6 20. Be3 Nbd7 21. Nh4 Rd8 22. Nf5
Qf8 23. Qc6 Raa8 24. Rfd1 Kh7 25. Nd6 Rab8 26. Rd2 Ne8 27. Nb7 Rdc8 28. Qxc8 Rxc8
29. Rxc8 Qe7 30. Rc6 Nb8 31. Rxb6 Qc7 32. Nxa5 Nf6 33. b3 Nbd7 34. Rb5 Qc1+ 35. Kg2
g5 36. h3 Nh5 37. Nc4 Ndf6 38. Rb7 Nf4+ 39. gxf4 exf4 40. Rxf7+ Kg6 41. Rxf6+  1-0

[Event "Summer Prague Open 2024 - A"]
[Site "Olympik hotel, Sokolovska 138, Praha"]
[Date "2024.08.04"]
[Round "3"]
[Board "21"]
[White "Pietrzak, Tomasz"]
[Black "Pujari, Rucha"]
[Result "0-1"]
[WhiteElo "2013"]
[BlackElo "2175"]
[PlyCount "0"]
[EventDate "2024.08.02"]
[EventRounds "9"]
[EventCountry "CZE"]

1. c4 e6 2. Nf3 Nf6 3. g3 d5 4. Bg2 Bd6 5. d4 O-O 6. O-O Nc6 7. b3 dxc4 8. bxc4 e5
9. d5 Na5 10. Qc2 b6 11. Bb2 Re8 12. Nbd2 h6 13. e4 Bd7 14. Ne1 c6 15. Nb3 cxd5 16.
Nxa5 bxa5 17. exd5 Rc8 18. Rc1 a4 19. Qe2 Qb6 20. h3 Qa6 21. Nf3 Nxd5 22. Nxe5 Nb6
23. Qh5 Bxe5 24. Bxe5 Rxc4 25. Ba1 Qc8 26. Rcd1 Bc6 27. Bxc6 Qxc6 28. Qf5 Qe6 29.
Qb5 Re4 30. Qb2 f6 31. Kg2 Re2 32. Qb5 Qxa2 33. Rd6 Nc4 34. Qd5+ Kh8 35. Bd4 Nxd6
36. Qxd6 Qe6 37. Qc5 a6 38. h4 a3 39. Ra1 a2 40. h5 Re1 41. Rxe1 Qxe1 42. Bc3 a1=Q
 0-1